BIBLIOTECA

SENCICO

Mejore su negocio de construcción (Registro nro. 1596)

Detalles MARC
000 -LEADER
fixed length control field 00736nam a2200289Ia 4500
005 - DATE AND TIME OF LATEST TRANSACTION
control field 20251020182516.0
008 - FIXED-LENGTH DATA ELEMENTS--GENERAL INFORMATION
fixed length control field 200515s9999 xx 000 0 und d
082 ## - DEWEY DECIMAL CLASSIFICATION NUMBER
Classification number 658:692/036
245 #0 - TITLE STATEMENT
Title Mejore su negocio de construcción
260 ## - PUBLICATION, DISTRIBUTION, ETC.
Place of publication, distribution, etc. Ginebra
260 ## - PUBLICATION, DISTRIBUTION, ETC.
Name of publisher, distributor, etc. OIT
260 ## - PUBLICATION, DISTRIBUTION, ETC.
Date of publication, distribution, etc. 19??
300 ## - PHYSICAL DESCRIPTION
Extent OIT
300 ## - PHYSICAL DESCRIPTION
Other physical details tbls.
500 ## - GENERAL NOTE
General note 1 ejemplar
520 ## - SUMMARY, ETC.
Summary, etc. Contenido: Manual 1.- Cotizaciones y ofertas. Manual 2.-Gerencia de proyecto. Manual 3.- Gerencia empresarial
650 ## - SUBJECT ADDED ENTRY--TOPICAL TERM
Topical term or geographic name entry element ADMINISTRACION DE EMPRESAS
650 ## - SUBJECT ADDED ENTRY--TOPICAL TERM
Topical term or geographic name entry element CONSTRUCCION
650 ## - SUBJECT ADDED ENTRY--TOPICAL TERM
Topical term or geographic name entry element COTIZACIONES
650 ## - SUBJECT ADDED ENTRY--TOPICAL TERM
Topical term or geographic name entry element GERENCIA
650 ## - SUBJECT ADDED ENTRY--TOPICAL TERM
Topical term or geographic name entry element OFERTAS
650 ## - SUBJECT ADDED ENTRY--TOPICAL TERM
Topical term or geographic name entry element PROYECTOS
942 ## - ADDED ENTRY ELEMENTS (KOHA)
Koha item type Libros
Existencias
Fecha de la última vez que lo usaron Pago total Signatura topográfica completa Código de barras Precio efectivo desde Tipo de documento Estado perdido Estado dañado No es para préstamo Retirado Ubicación permanente Ubicación actual Fecha de adquisición
15/05/2020   658:692/036 Bib-Lima15051596 15/05/2020 Libros         Biblioteca Central Lima Biblioteca Central Lima 15/05/2020